000 00886nam a2200229 a 4500
001 57244
003 BD-RjUL
005 20211209080504.0
008 161207s1978 bg ||||| |||| 00| 0 ben d
020 _c: Tk. 15.00
035 _a(BD-RjUL)57368
040 _aBD-RjUL
_bben
_cBD-RjUL
041 _aben
082 _223
_a297.122
_bCHA 1978
100 _aচৌধুরী, মোহাম্মদ নজমুল হক
_9170003
245 1 0 _aআল্লাহ আল্লাহর কোর-আন ও আল্লাহর রসুল /
_cমোহাম্মদ নজমুল হক চৌধুরী
260 _aদিনাজপুর :
_bমোহাম্মদ নজমুল হক চৌধুরী,
_c১৯৭৮
300 _a৪০৪ পৃ. ;
_c১৮ সেমি.
650 _aকোরান
_9170004
650 _aQuran
_9170005
942 _2ddc
_cBK
999 _c57244
_d57244